000 00367nam a22001577a 4500
003 SGT
020 _a978-81-317-7334-5
082 _a610.72N13C
100 _aCLEMENT, NISHA
245 _aNURSING ETHICS : CONCEPTS, TRENDS & PRACTICES
250 _a1ST
260 _aINDIA
_bPEARSON PUB
_c2013
300 _a405
650 _aNURSING RESEARCH
942 _2ddc
_cBK
999 _c20144
_d20144